Neuroticism and cyber bullying of selected high school students in Morong, Rizal (Record no. 74440)
[ view plain ]
| 000 -LEADER | |
|---|---|
| fixed length control field | 02808nam a22002897i 4500 |
| 003 - CONTROL NUMBER IDENTIFIER | |
| control field | URS |
| 003 - CONTROL NUMBER IDENTIFIER | |
| control field | URS |
| 005 - DATE AND TIME OF LATEST TRANSACTION | |
| control field | 20240416181550.0 |
| 008 - FIXED-LENGTH DATA ELEMENTS--GENERAL INFORMATION | |
| fixed length control field | 161220b xxu||||| |||| 00| 0 eng d |
| 040 ## - CATALOGING SOURCE | |
| Original cataloging agency | URS |
| Language of cataloging | eng |
| Description conventions | rda |
| 041 ## - LANGUAGE CODE | |
| Language code of text/sound track or separate title | eng |
| 050 00 - LIBRARY OF CONGRESS CALL NUMBER | |
| Classification number | LB 3013 |
| Item number | .N356 2014 |
| 245 ## - TITLE STATEMENT | |
| Title | Neuroticism and cyber bullying of selected high school students in Morong, Rizal |
| Statement of responsibility, etc. | Jonna Mae G. Balmes... [et al.]. |
| 260 ## - PUBLICATION, DISTRIBUTION, ETC. | |
| Date of publication, distribution, etc. | 2014 |
| 300 ## - PHYSICAL DESCRIPTION | |
| Extent | 54 leaves : |
| Other physical details | illustrations ; |
| Dimensions | 28 cm. |
| 336 ## - CONTENT TYPE | |
| Content type term | text |
| Content type code | txt |
| Source | rdacontent |
| 337 ## - MEDIA TYPE | |
| Media type term | unmediated |
| Media type code | n |
| Source | rdamedia |
| 338 ## - CARRIER TYPE | |
| Carrier type term | volume |
| Carrier type code | nc |
| Source | rdacarrier |
| 502 ## - DISSERTATION NOTE | |
| Degree type | Thesis (Bachelor of Science in Psychology) -- University of Rizal System-Morong. |
| 520 ## - SUMMARY, ETC. | |
| Summary, etc. | EXECUTIVE SUMMARY: The Study entitled Neuroticism and Cyber bullying of Selected High School Students in Morong, Rizal, was conducted with the purpose of determining the extent of neuroticism and cyber bullying of selected high school students in Morong, Rizal. It was conducted during the school year 2014-2015. The respondents of the study were selected high school students in Morong, Rizal. The aspects of the neuroticism such as emotional instability, anxiety, moodiness, irritability and sadness were used to determine the extent of neuroticism and cyber bullying of selected high school students in Morong, Rizal. The researcher made questionnaire checklist was used as the main instrument in gathering the needed data which were content validated by the experts in Psychology. The data were analyzed using mean and rank distribution in determining the facebook experiences of the respondents and computed mean in the extent of neuroticism and cyber bullying of the selected high school students with respect to the different aspect such as emotional instability, moodiness, anxiety, irritability and sadness. Cyber bullying sometimes affect the five neuroticism aspects: emotional, instability, anxiety, moodiness, irritability and sadness with respect to their experiences and there is a significant relationship in the cyber bullying to the aspects of neuroticism of the selected high school students in Morong, Rizal. Based from the summary of findings and conclusions drawn, the following recommendations are hereby offered. School may provide, enhance and sustain programs or lectures about cyber bullying for the students to be aware on what Cyber bullying is. Homeroom Guidance sessions should be conducted to manage emotional conflict of the victims. Parallel studies should be conducted considering other variable. |
| 650 ## - SUBJECT ADDED ENTRY--TOPICAL TERM | |
| Topical term or geographic name entry element | Bullying in school. |
| 700 1# - ADDED ENTRY--PERSONAL NAME | |
| Personal name | Cano, John Renz V. |
| Relator term | author |
| 700 1# - ADDED ENTRY--PERSONAL NAME | |
| Personal name | Magat, Emmanuel B. |
| Relator term | author |
| 700 1# - ADDED ENTRY--PERSONAL NAME | |
| Personal name | Natividad, Ivy L. |
| Relator term | author |
| 856 ## - ELECTRONIC LOCATION AND ACCESS | |
| Materials specified | Online Request for Student Unpublished Works |
| Uniform Resource Identifier | <a href="https://forms.gle/7LqvGGkaDrUQqz429">https://forms.gle/7LqvGGkaDrUQqz429</a> |
| 942 ## - ADDED ENTRY ELEMENTS (KOHA) | |
| Source of classification or shelving scheme | Library of Congress Classification |
| Koha item type | Theses and dissertations |
No items available.